000 00198 a2200097 4500
001 17466
100 _aCollatz
245 _aOptimization problems
260 _a
_bSpringer
_c
090 _c12907
_d12907
942 _aNUST-CAE
_cM
_c3233
999 _c252539
_d252539